The three bears : (Record no. 3843)
[ view plain ]
| 000 -LEADER | |
|---|---|
| fixed length control field | 01665nam a22002897a 4500 |
| 001 - CONTROL NUMBER | |
| control field | 3843 |
| 003 - CONTROL NUMBER IDENTIFIER | |
| control field | FISKH |
| 005 - DATE AND TIME OF LATEST TRANSACTION | |
| control field | 20240516114122.0 |
| 008 - FIXED-LENGTH DATA ELEMENTS--GENERAL INFORMATION | |
| fixed length control field | 240516b cb ||||| |||| 00| 0 eng d |
| 020 ## - INTERNATIONAL STANDARD BOOK NUMBER | |
| International Standard Book Number | 69780545767286 |
| 040 ## - CATALOGING SOURCE | |
| Original cataloging agency | FISKH |
| Language of cataloging | eng |
| Transcribing agency | FISKH |
| Modifying agency | FISKH |
| 050 ## - LIBRARY OF CONGRESS CALL NUMBER | |
| Classification number | PZ7 |
| 082 ## - DEWEY DECIMAL CLASSIFICATION NUMBER | |
| Classification number | 398.22 |
| 100 ## - MAIN ENTRY--PERSONAL NAME | |
| Personal name | Charlesworth, Liza |
| 245 ## - TITLE STATEMENT | |
| Title | The three bears : |
| Remainder of title | A folk & fairytale reader / |
| Statement of responsibility, etc. | Retold by Liza Charlesworth ; illustrated by Ian Smith |
| 260 ## - PUBLICATION, DISTRIBUTION, ETC. | |
| Place of publication, distribution, etc. | New York : |
| Name of publisher, distributor, etc. | Scholastic, |
| Date of publication, distribution, etc. | 2014. |
| 300 ## - PHYSICAL DESCRIPTION | |
| Extent | 14 pages : |
| Other physical details | color illustrations ; |
| Dimensions | 23 cm |
| 490 ## - SERIES STATEMENT | |
| Series statement | Just-Right Leveled Readers |
| 505 ## - FORMATTED CONTENTS NOTE | |
| Formatted contents note | E<br/> |
| 520 ## - SUMMARY, ETC. | |
| Summary, etc. | Trois ours préparent leur déjeuner. Trois ours vont se promener. Une petite fille entre dans leur maison. Ho! Ho! Les livres de la collection Toujours parfait offrent des niveaux adaptés aux besoins spécifiques de chaque lecteur. Un outil idéal pour favoriser la réussite. Les livres A-B-C sont destinés aux premiers lecteurs; les livres D-E-F, aux lecteurs débutants; et les livres G-H-I, aux lecteurs intermédiaires. Three bears make breakfast. Three bears go out. Then one girl goes in. Uh-oh! This series of books is perfect for beginner readers as they gently progress into independent reading. The nine levelled books ranging from levels A to I allow readers to improve their reading skills as the amount of text increases from one level to the next. Original title: Just Right Leveled Readers: The Three Bears |
| 521 8# - TARGET AUDIENCE NOTE | |
| Target audience note | 270<br/> |
| Source | Lexile<br/> |
| 521 8# - TARGET AUDIENCE NOTE | |
| Target audience note | E<br/> |
| Source | Raz-Plus |
| 650 ## - SUBJECT ADDED ENTRY--TOPICAL TERM | |
| Topical term or geographic name entry element | Fairy Tales |
| Form subdivision | Fiction |
| General subdivision | Easy Reader |
| 700 ## - ADDED ENTRY--PERSONAL NAME | |
| Personal name | Smith, Lan |
| Relator term | Illustrator |
| 942 ## - ADDED ENTRY ELEMENTS (KOHA) | |
| Source of classification or shelving scheme | Dewey Decimal Classification |
| Koha item type | Books |
| Suppress in OPAC | No |
| Withdrawn status | Lost status | Source of classification or shelving scheme | Damaged status | Not for loan | Collection | Home library | Current library | Shelving location | Date acquired | Total Checkouts | Full call number | Barcode | Date due | Date last seen | Date last checked out | Price effective from | Koha item type |
|---|---|---|---|---|---|---|---|---|---|---|---|---|---|---|---|---|---|
| Dewey Decimal Classification | Juvenile Fiction | Footprints International School Library Network Toul Kork Campus | Footprints International School Library Network Toul Kork Campus | TK Primary Library Room(4th Floor), Bookcase 7, Shelves 57-60, Dark Green Books | 05/16/2024 | 2 | CHA 398.22 PZ7 | FISBK073184 | 07/14/2025 | 06/30/2025 | 06/30/2025 | 05/16/2024 | Books |
